00663 a2200169 4500003000500000005001700005040000900022082001000031100003100041245010500072260003300177300001500210505021200225538003100437650001400468651001100482Nust20170207153544.0 cNust a005.8 aZeshan, Muhammad (MSIS-5) aAdding security against insider attacks in semi-structured mobile Ad hoc networkscMuhammad Zeshan  bMCS (NUST)c2010aRawalpindi axi, 38, p. aIntroduction (page-1) Security threats and secure ad hoc routing protocols (page-7) Literature review (page-16) Proposed solution (page-19) results and analysis (page-26) Conclusion and future work (page-34) a Almirah No.70 Shelf No.4 aPG Thesis aMSIS-5